000 00571nam a2200205 i 4500
001 bgj
100 1 _aROTH, Susan A.
245 1 0 _aThe Weekend Garden Guide :
_bwork-saving ways to a beautiful backyard /
_cSusan A. Roth.
260 _aEmmaus, Pa :
_bRodale Press,
_cc. 1991.
300 _aX, 358 pp :
_bill. ;
_c24 cm.
504 _aBibliography p. 344-347.
505 _aIncludes index.
650 9 _aGardening
020 _a0878579338
040 _cBPK
041 0 _aeng
920 _a0-87857-933-8
942 _cKS
008 s uk f |000 0 eng
999 _c47547
_d47547
856 _uhttp://koha.tu.koszalin.pl/cgi-bin/koha/opac-detail.pl?biblionumber=47547
_yKatalog online BPK